| 000 | 00977nam a2200289 i 4500 | ||
|---|---|---|---|
| 003 | EG-GICUC | ||
| 005 | 20260506194022.0 | ||
| 008 | 260506s1919 -uka|||fr|||| 00| 0 eng d | ||
| 040 |
_aEG-GiCUC _beng _cEG-GiCUC _dEG-GiCUC _erda |
||
| 082 | 0 | 4 |
_221 _a343.7661 _bGO . A |
| 092 | 0 | 4 | _221 |
| 099 | _aLaw1 10 343.7661 GO . A 1919 | ||
| 100 | 1 |
_aGoring, Charles _eAuthor. |
|
| 245 | 1 | 0 |
_aAbridged Edition of The English Convict : _bA Statistical Study / _cBy Charles Goring. |
| 264 | 1 |
_aLondon : _bPublished by His Majesty's Stationty Office, _c1919. |
|
| 300 |
_aIi - Xvi, 275 pages : _billustrations, _c24 cm |
||
| 336 |
_2rda content _atext |
||
| 337 |
_2rda media _aComputer |
||
| 338 |
_2rda carrier _aOnline Resource |
||
| 546 | _aText in English | ||
| 650 | 1 |
_aDéveloppement Pénitentiaire _2qrmak |
|
| 650 | 1 |
_aDroit De Panél _2qrmak |
|
| 651 | 1 | _2qrmak | |
| 856 | 4 | 0 | _uhttps://fll.law.cu.edu.eg/fulltext/bks/B10-11355.pdf |
| 905 | _a54 | ||
| 942 |
_2ddc _cBK _e21 _n0 |
||
| 999 |
_c76058 _d76058 |
||